[Event "Winnipeg TNT June op"]
[Site "Winnipeg CAN"]
[Date "2007.06.05"]
[Round "1"]
[White "Khedkar, Jay S"]
[Black "Liu, Weixi"]
[Result "1/2-1/2"]
[WhiteElo "2063"]
[BlackElo "1654"]
[PlyCount "85"]
[GameId "2160767910667734"]
[EventDate "2007.06.05"]
[EventType "swiss"]
[EventRounds "4"]
[EventCountry "CAN"]
[SourceTitle "EXT 2019"]
[Source "ChessBase"]
[SourceDate "2018.10.10"]
[SourceVersion "1"]
[SourceVersionDate "2018.10.10"]
[SourceQuality "1"]

1. e4 e6 2. d4 d5 3. Nd2 Nf6 4. e5 Nfd7 5. Bd3 c5 6. c3 Nc6 7. Ne2 Qb6 8. Nf3 Be7 9. O-O Nf8 10. Re1 Bd7 11. Be3 c4 12. Bc2 Qxb2 13. Rb1 Qxa2 14. Rxb7 Qa6 15. Qb1 Ng6 16. h4 Na5 17. Rb8+ Rxb8 18. Qxb8+ Bd8 19. Ra1 Qb6 20. Rb1 Qxb8 21. Rxb8 Nc6 22. Ra8 O-O 23. h5 Ba5 24. Rxf8+ Nxf8 25. Kf1 a6 26. Bc1 Na7 27. Nd2 Bc6 28. f4 Nd7 29. f5 Nb6 30. Ke1 Ba4 31. Bxa4 Nxa4 32. fxe6 fxe6 33. Nb1 Nb5 34. Kd2 Kf7 35. Kc2 g6 36. g4 Bd8 37. Be3 g5 38. Ng1 h6 39. Bd2 Ke7 40. Nf3 Kf7 41. Bc1 Be7 42. Ng1 a5 43. Ne2 1/2-1/2

[Event "Winnipeg TNT June op"]
[Site "Winnipeg CAN"]
[Date "2007.06.05"]
[Round "1"]
[White "Lauritson, Jim"]
[Black "Letain, Cory"]
[Result "1-0"]
[WhiteElo "1964"]
[BlackElo "1370"]
[PlyCount "47"]
[GameId "2160767910667735"]
[EventDate "2007.06.05"]
[EventType "swiss"]
[EventRounds "4"]
[EventCountry "CAN"]
[SourceTitle "EXT 2019"]
[Source "ChessBase"]
[SourceDate "2018.10.10"]
[SourceVersion "1"]
[SourceVersionDate "2018.10.10"]
[SourceQuality "1"]

1. d4 d5 2. c4 c6 3. Nf3 Nf6 4. Nc3 dxc4 5. a4 Bf5 6. e3 e6 7. Bxc4 Bb4 8. O-O O-O 9. Ne5 Nbd7 10. Nd3 Be7 11. f3 Qc7 12. e4 Bg6 13. Be3 Ne8 14. b4 Nd6 15. Bb3 Rac8 16. Rc1 Qd8 17. Qd2 Nb6 18. Ne5 Bh5 19. Ne2 Nd7 20. Ng3 Nf6 21. Nd3 b5 22. e5 Nc4 23. Bxc4 bxc4 24. exf6 1-0

[Event "Winnipeg TNT June op"]
[Site "Winnipeg CAN"]
[Date "2007.06.05"]
[Round "1"]
[White "Lipic, Stephen"]
[Black "Kaptsan, Aron"]
[Result "0-1"]
[WhiteElo "1646"]
[BlackElo "2041"]
[PlyCount "59"]
[GameId "2160767910667736"]
[EventDate "2007.06.05"]
[EventType "swiss"]
[EventRounds "4"]
[EventCountry "CAN"]
[SourceTitle "EXT 2019"]
[Source "ChessBase"]
[SourceDate "2018.10.10"]
[SourceVersion "1"]
[SourceVersionDate "2018.10.10"]
[SourceQuality "1"]

1. e4 e5 2. Bc4 Nf6 3. d3 Be7 4. f4 d5 5. exd5 exf4 6. Bxf4 Nxd5 7. Bxd5 Qxd5 8. Nf3 O-O 9. O-O c5 10. Nc3 Qh5 11. Qe1 Nc6 12. Ne4 Bg4 13. Qg3 Bxf3 14. Qxf3 Qxf3 15. Rxf3 Nd4 16. Rf2 Rad8 17. Re1 Rfe8 18. Ref1 f6 19. g4 Bf8 20. b3 Nc6 21. Rg2 Ne5 22. h3 b5 23. Be3 c4 24. d4 Ng6 25. Nxf6+ gxf6 26. Bf2 Nf4 27. Rh2 Ne2+ 28. Kh1 Nxd4 29. Bxd4 Rxd4 30. Rxf6 0-1

[Event "Winnipeg TNT June op"]
[Site "Winnipeg CAN"]
[Date "2007.06.05"]
[Round "1"]
[White "Rutter, Blair"]
[Black "Crawford, Gary"]
[Result "1-0"]
[WhiteElo "1893"]
[BlackElo "1310"]
[PlyCount "77"]
[GameId "2160767910667737"]
[EventDate "2007.06.05"]
[EventType "swiss"]
[EventRounds "4"]
[EventCountry "CAN"]
[SourceTitle "EXT 2019"]
[Source "ChessBase"]
[SourceDate "2018.10.10"]
[SourceVersion "1"]
[SourceVersionDate "2018.10.10"]
[SourceQuality "1"]

1. c4 Nf6 2. g3 g6 3. Bg2 Bg7 4. Nc3 c6 5. e4 d6 6. d3 Qb6 7. Nge2 Bg4 8. O-O Bxe2 9. Qxe2 Nbd7 10. Be3 Qc7 11. Rac1 O-O 12. h3 e5 13. Kh2 a5 14. Qd2 Nc5 15. f4 b6 16. Rf2 Rad8 17. Rcf1 Qe7 18. f5 Rb8 19. g4 Nfd7 20. Kg3 f6 21. Ne2 g5 22. Nc3 h6 23. Bf3 Rb7 24. Rh2 Kf7 25. h4 Rh8 26. Bd1 Qd8 27. Bc2 Qb8 28. Rfh1 b5 29. cxb5 cxb5 30. hxg5 fxg5 31. Bxg5 hxg5 32. Rxh8 Bxh8 33. Qxg5 Qg8 34. Qh5+ Kg7 35. g5 Nf6 36. gxf6+ Kxf6+ 37. Kf3 Ke7 38. Qxh8 Kf8 39. Qf6+ 1-0

[Event "Winnipeg TNT June op"]
[Site "Winnipeg CAN"]
[Date "2007.06.05"]
[Round "1"]
[White "Zhou, Lu"]
[Black "Gibson, Fred"]
[Result "1-0"]
[WhiteElo "1849"]
[BlackElo "1234"]
[PlyCount "78"]
[GameId "2160767910667738"]
[EventDate "2007.06.05"]
[EventType "swiss"]
[EventRounds "4"]
[EventCountry "CAN"]
[SourceTitle "EXT 2019"]
[Source "ChessBase"]
[SourceDate "2018.10.10"]
[SourceVersion "1"]
[SourceVersionDate "2018.10.10"]
[SourceQuality "1"]

1. e4 c5 2. Nf3 d6 3. d4 cxd4 4. Nxd4 Nf6 5. Nc3 g6 6. Be3 Bg7 7. Bc4 O-O 8. f3 Nc6 9. Qd2 Bd7 10. O-O-O Ne5 11. Bb3 Rc8 12. Bh6 Nc4 13. Bxc4 Rxc4 14. Bxg7 Kxg7 15. g4 Qa5 16. h4 Rxc3 17. Qxc3 Qxa2 18. g5 Rc8 19. gxf6+ exf6 20. Qa3 Qxa3 21. bxa3 Ba4 22. h5 Rc3 23. Rd3 Rc5 24. hxg6 hxg6 25. Kb2 b5 26. Nb3 Rc4 27. Rxd6 b4 28. axb4 Rxb4 29. Rd4 a5 30. Rxb4 axb4 31. Nc5 Bb5 32. Kb3 Be2 33. f4 Bf3 34. Rh2 Bd1 35. Rd2 Bg4 36. Kxb4 f5 37. c4 fxe4 38. Nxe4 Bf5 39. Nd6 Bd7 1-0

[Event "Winnipeg TNT June op"]
[Site "Winnipeg CAN"]
[Date "2007.06.12"]
[Round "2"]
[White "Booth, Kevin"]
[Black "Lauritson, Jim"]
[Result "1-0"]
[WhiteElo "1780"]
[BlackElo "1964"]
[PlyCount "113"]
[GameId "2160767910667739"]
[EventDate "2007.06.05"]
[EventType "swiss"]
[EventRounds "4"]
[EventCountry "CAN"]
[SourceTitle "EXT 2019"]
[Source "ChessBase"]
[SourceDate "2018.10.10"]
[SourceVersion "1"]
[SourceVersionDate "2018.10.10"]
[SourceQuality "1"]

1. d4 Nf6 2. c4 e6 3. Nc3 Bb4 4. f3 d5 5. a3 Bxc3+ 6. bxc3 O-O 7. Bg5 Nbd7 8. Nh3 b6 9. cxd5 exd5 10. e3 Re8 11. Bd3 h6 12. Bxf6 Nxf6 13. Qe2 Bxh3 14. gxh3 Qd7 15. Kd2 Qxh3 16. Rhg1 c6 17. Rg3 Qe6 18. Rag1 Nh5 19. R3g2 Qf6 20. f4 Nxf4 21. Rxg7+ Qxg7 22. Rxg7+ Kxg7 23. Qg4+ Ng6 24. h4 h5 25. Qxh5 Rh8 26. Qg5 Kf8 27. Bxg6 fxg6 28. Qxg6 Rc8 29. h5 Ke7 30. Qg7+ Kd6 31. Qxa7 Rxh5 32. Qxb6 Rh2+ 33. Kd3 Ra2 34. Qb3 Rh2 35. a4 Rhh8 36. a5 Rb8 37. Qa2 Ra8 38. c4 dxc4+ 39. Qxc4 Rhb8 40. Qc5+ Kd7 41. d5 cxd5 42. Qxd5+ Kc7 43. Qc5+ Kd7 44. e4 Ra6 45. Qf5+ Kc7 46. Qf7+ Kc8 47. e5 Rxa5 48. e6 Ra3+ 49. Kd4 Ra4+ 50. Kd3 Ra3+ 51. Ke4 Rb4+ 52. Kd5 Ra5+ 53. Kc6 Ra6+ 54. Kc5 Rba4 55. Qd7+ Kb8 56. Qb5+ Kc7 57. e7 1-0

[Event "Winnipeg TNT June op"]
[Site "Winnipeg CAN"]
[Date "2007.06.12"]
[Round "2"]
[White "Campbell, Gary"]
[Black "Khedkar, Jay S"]
[Result "1-0"]
[WhiteElo "1611"]
[BlackElo "2063"]
[PlyCount "79"]
[GameId "2160767910667740"]
[EventDate "2007.06.05"]
[EventType "swiss"]
[EventRounds "4"]
[EventCountry "CAN"]
[SourceTitle "EXT 2019"]
[Source "ChessBase"]
[SourceDate "2018.10.10"]
[SourceVersion "1"]
[SourceVersionDate "2018.10.10"]
[SourceQuality "1"]

1. d4 Nf6 2. c4 g6 3. Nc3 Bg7 4. e4 d6 5. Nf3 O-O 6. Be2 e5 7. O-O Nc6 8. d5 Ne7 9. Ne1 Ne8 10. Be3 f5 11. f3 f4 12. Bf2 g5 13. a4 Ng6 14. a5 h5 15. b4 Nf6 16. c5 g4 17. cxd6 cxd6 18. Nb5 gxf3 19. Bxf3 Ng4 20. Rc1 Rf7 21. Rc3 a6 22. Na3 Nh4 23. h3 Nxf2 24. Rxf2 Nxf3+ 25. Qxf3 Qh4 26. Nc4 Bf8 27. Nb6 Bg4 28. hxg4 hxg4 29. g3 Qh3 30. Qg2 Qh5 31. gxf4 Re8 32. f5 Bh6 33. Nc4 Rf6 34. Rg3 Rc8 35. Rxg4+ Kh8 36. Nb6 Rc1 37. Rg8+ Kh7 38. Kf1 Qf7 39. Rg3 Qc7 40. Rc2 1-0

[Event "Winnipeg TNT June op"]
[Site "Winnipeg CAN"]
[Date "2007.06.12"]
[Round "2"]
[White "Crawford, Gary"]
[Black "Magnusson, Saul"]
[Result "0-1"]
[WhiteElo "1310"]
[BlackElo "915"]
[PlyCount "60"]
[GameId "2160767910667741"]
[EventDate "2007.06.05"]
[EventType "swiss"]
[EventRounds "4"]
[EventCountry "CAN"]
[SourceTitle "EXT 2019"]
[Source "ChessBase"]
[SourceDate "2018.10.10"]
[SourceVersion "1"]
[SourceVersionDate "2018.10.10"]
[SourceQuality "1"]

1. e4 e5 2. Nf3 Nc6 3. Bb5 a6 4. Ba4 Nf6 5. O-O Be7 6. Re1 b5 7. Bb3 O-O 8. c3 d6 9. h3 Be6 10. Bc2 Na5 11. d4 exd4 12. cxd4 c6 13. e5 Nd5 14. exd6 Qxd6 15. Be3 Nc4 16. b3 Ncxe3 17. fxe3 Qg3 18. Kf1 Bb4 19. Qd3 g6 20. Re2 Bf5 21. Qd1 Bc3 22. Bxf5 Bxa1 23. Bd3 b4 24. Qc1 Rfc8 25. Rc2 Re8 26. Re2 Re6 27. Bc4 Rae8 28. Bxd5 cxd5 29. Ne5 f6 30. Nd3 Rxe3 0-1

[Event "Winnipeg TNT June op"]
[Site "Winnipeg CAN"]
[Date "2007.06.12"]
[Round "2"]
[White "Czypinski, Jaroslaw"]
[Black "Boron, Anthony"]
[Result "0-1"]
[WhiteElo "1851"]
[BlackElo "1999"]
[PlyCount "92"]
[GameId "2160767910667742"]
[EventDate "2007.06.05"]
[EventType "swiss"]
[EventRounds "4"]
[EventCountry "CAN"]
[SourceTitle "EXT 2019"]
[Source "ChessBase"]
[SourceDate "2018.10.10"]
[SourceVersion "1"]
[SourceVersionDate "2018.10.10"]
[SourceQuality "1"]

1. e4 c5 2. d4 cxd4 3. Nf3 Nc6 4. c3 dxc3 5. Nxc3 a6 6. Bc4 e6 7. O-O Nge7 8. Qe2 Ng6 9. Rd1 Be7 10. Be3 b5 11. Bb3 O-O 12. Rac1 Qc7 13. Nd5 exd5 14. exd5 Bb7 15. dxc6 Bxc6 16. Nd4 Bd6 17. g3 Rae8 18. Nxc6 dxc6 19. Qd3 Rd8 20. Qc2 Ne5 21. Qf5 g6 22. Qf6 Ng4 23. Qf3 Nxe3 24. Qxe3 c5 25. Bd5 c4 26. h4 Bc5 27. Qg5 Be7 28. Qg4 Bf6 29. Qe4 Qe5 30. Qxe5 Bxe5 31. Rc2 Kg7 32. a4 Rd6 33. Bf3 Rxd1+ 34. Bxd1 Rd8 35. Be2 Rd5 36. axb5 axb5 37. Kf1 Kf8 38. Kg2 Ke7 39. Kf3 Bf6 40. Bxc4 bxc4 41. Rxc4 Bxb2 42. Re4+ Kf6 43. Re2 Ba3 44. Ra2 Bc5 45. Ra6+ Ke7 46. Ra7+ Bxa7 0-1

[Event "Winnipeg TNT June op"]
[Site "Winnipeg CAN"]
[Date "2007.06.12"]
[Round "2"]
[White "Gibson, Fred"]
[Black "Evans, Brian"]
[Result "1-0"]
[WhiteElo "1234"]
[BlackElo "1519"]
[PlyCount "43"]
[GameId "2160767910667743"]
[EventDate "2007.06.05"]
[EventType "swiss"]
[EventRounds "4"]
[EventCountry "CAN"]
[SourceTitle "EXT 2019"]
[Source "ChessBase"]
[SourceDate "2018.10.10"]
[SourceVersion "1"]
[SourceVersionDate "2018.10.10"]
[SourceQuality "1"]

1. e4 c5 2. Nc3 d6 3. g3 Nc6 4. Bg2 Nf6 5. d3 g6 6. h3 Bg7 7. Be3 Qb6 8. Rb1 Be6 9. Nf3 d5 10. exd5 Nxd5 11. O-O Bxc3 12. bxc3 Qa6 13. Qd2 b6 14. Ng5 O-O 15. c4 Nxe3 16. Qxe3 Bd7 17. Qe4 Rfe8 18. h4 Nb4 19. h5 f5 20. Qe5 b5 21. Qxc5 Nxc2 22. Bd5+ 1-0

[Event "Winnipeg TNT June op"]
[Site "Winnipeg CAN"]
[Date "2007.06.12"]
[Round "2"]
[White "Kaptsan, Aron"]
[Black "Rutter, Blair"]
[Result "1-0"]
[WhiteElo "2041"]
[BlackElo "1893"]
[PlyCount "45"]
[GameId "2160767910667744"]
[EventDate "2007.06.05"]
[EventType "swiss"]
[EventRounds "4"]
[EventCountry "CAN"]
[SourceTitle "EXT 2019"]
[Source "ChessBase"]
[SourceDate "2018.10.10"]
[SourceVersion "1"]
[SourceVersionDate "2018.10.10"]
[SourceQuality "1"]

1. e4 e6 2. d4 d5 3. Nc3 Nf6 4. e5 Nfd7 5. Nce2 c5 6. c3 Nc6 7. f4 cxd4 8. cxd4 Bb4+ 9. Bd2 Nb6 10. b3 Bd7 11. Nf3 O-O 12. Nc1 f5 13. Nd3 Qe7 14. Be2 a5 15. O-O a4 16. Bxb4 Nxb4 17. Nc5 axb3 18. Qxb3 Ra4 19. a3 Nc6 20. Nxa4 Nxd4 21. Nxd4 Nxa4 22. Qxb7 Nc3 23. Bd3 1-0

[Event "Winnipeg TNT June op"]
[Site "Winnipeg CAN"]
[Date "2007.06.12"]
[Round "2"]
[White "Kwiatek, Jordan"]
[Black "Zhou, Lu"]
[Result "0-1"]
[WhiteElo "1956"]
[BlackElo "1849"]
[PlyCount "71"]
[GameId "2160767910667745"]
[EventDate "2007.06.05"]
[EventType "swiss"]
[EventRounds "4"]
[EventCountry "CAN"]
[SourceTitle "EXT 2019"]
[Source "ChessBase"]
[SourceDate "2018.10.10"]
[SourceVersion "1"]
[SourceVersionDate "2018.10.10"]
[SourceQuality "1"]

1. d4 d5 2. Bg5 Nf6 3. e3 e6 4. Bd3 Nbd7 5. c3 c5 6. Nd2 Be7 7. Ngf3 O-O 8. Ne5 Nxe5 9. dxe5 Nd7 10. Bxe7 Qxe7 11. Qh5 g6 12. Qh3 Nxe5 13. Bc2 Qf6 14. f4 Nc6 15. O-O-O e5 16. Qh6 b6 17. h4 Bg4 18. Rdf1 Qg7 19. Qg5 f5 20. h5 Bxh5 21. c4 e4 22. cxd5 Nb4 23. Bb1 Be2 24. Rfg1 Rad8 25. Rh4 Rxd5 26. a3 Nd3+ 27. Bxd3 Rxd3 28. Rgh1 Rc3+ 29. Kb1 Bd3+ 30. Ka2 Rc2 31. Rb1 Rxd2 32. Rhh1 Bxb1+ 33. Rxb1 Rfd8 34. g4 Qf7+ 35. Ka1 Qb3 36. gxf5 0-1

[Event "Winnipeg TNT June op"]
[Site "Winnipeg CAN"]
[Date "2007.06.12"]
[Round "2"]
[White "Van Wyk, Joseph"]
[Black "Atem, James"]
[Result "1-0"]
[WhiteElo "1951"]
[BlackElo "1715"]
[PlyCount "115"]
[GameId "2160767910667747"]
[EventDate "2007.06.05"]
[EventType "swiss"]
[EventRounds "4"]
[EventCountry "CAN"]
[SourceTitle "EXT 2019"]
[Source "ChessBase"]
[SourceDate "2018.10.10"]
[SourceVersion "1"]
[SourceVersionDate "2018.10.10"]
[SourceQuality "1"]

1. e4 c6 2. d4 d6 3. Nf3 g6 4. Bc4 Bg7 5. O-O b5 6. Bb3 e6 7. d5 Ne7 8. dxe6 Bxe6 9. Bxe6 fxe6 10. Ng5 Qd7 11. Qg4 e5 12. Ne6 Kf7 13. Ng5+ Ke8 14. Qf3 Rf8 15. Qb3 h6 16. Ne6 Rg8 17. Nxg7+ Rxg7 18. Bxh6 Rf7 19. f4 Na6 20. Nd2 Nc5 21. Qe3 exf4 22. Rxf4 Rxf4 23. Qxf4 Ne6 24. Qf6 Kd8 25. Rf1 Kc7 26. e5 dxe5 27. Qxe5+ Qd6 28. Qxd6+ Kxd6 29. Ne4+ Ke5 30. Re1 Kd5 31. Ng5 Nxg5 32. Rxe7 Ne6 33. Be3 a5 34. Kf2 Rf8+ 35. Ke2 Kd6 36. Ra7 a4 37. g3 Rf5 38. h4 Re5 39. Kf3 Rf5+ 40. Bf4+ Kc5 41. c3 Rd5 42. Re7 Rd3+ 43. Be3+ Kd6 44. Re8 Rd1 45. Rg8 Ra1 46. a3 Rb1 47. Rxg6 Rxb2 48. h5 Rb3 49. h6 Ke7 50. Rxe6+ Kxe6 51. h7 Rxc3 52. h8=Q Rxa3 53. Qe8+ Kd5 54. Qf7+ Ke5 55. Qe7+ Kd5 56. Qxa3 Kc4 57. Ke4 b4 58. Qd3# 1-0

[Event "Winnipeg TNT June op"]
[Site "Winnipeg CAN"]
[Date "2007.06.19"]
[Round "3"]
[White "Atem, James"]
[Black "Gibson, Fred"]
[Result "1-0"]
[WhiteElo "1715"]
[BlackElo "1234"]
[PlyCount "77"]
[GameId "2160767910667748"]
[EventDate "2007.06.05"]
[EventType "swiss"]
[EventRounds "4"]
[EventCountry "CAN"]
[SourceTitle "EXT 2019"]
[Source "ChessBase"]
[SourceDate "2018.10.10"]
[SourceVersion "1"]
[SourceVersionDate "2018.10.10"]
[SourceQuality "1"]

1. e4 c5 2. Nf3 d6 3. Bc4 e6 4. c3 Bd7 5. O-O Nf6 6. e5 Ng4 7. d4 d5 8. Bd3 Be7 9. h3 Nh6 10. Bxh6 gxh6 11. Qd2 Bg5 12. Qc2 f5 13. exf6 Qxf6 14. Bxh7 Ke7 15. Nbd2 Bf4 16. Rae1 Na6 17. g3 Bxd2 18. Nxd2 Nc7 19. Bd3 Rag8 20. dxc5 Rg5 21. Qd1 h5 22. Nf3 Rg7 23. h4 Rg4 24. Ne5 Rg7 25. Re3 Qxh4 26. Ng6+ Rxg6 27. Bxg6 Qg5 28. Qc2 h4 29. Bh7 h3 30. Qg6 Qxg6 31. Bxg6 h2+ 32. Kh1 Bc6 33. f3 Kf6 34. Bd3 d4 35. cxd4 Nd5 36. Re5 Nc7 37. Be4 Nd5 38. Rf2 Ne7 39. Rxh2 1-0

[Event "Winnipeg TNT June op"]
[Site "Winnipeg CAN"]
[Date "2007.06.19"]
[Round "3"]
[White "Boron, Anthony"]
[Black "Kaptsan, Aron"]
[Result "1/2-1/2"]
[WhiteElo "1999"]
[BlackElo "2041"]
[PlyCount "33"]
[GameId "2160767910667749"]
[EventDate "2007.06.05"]
[EventType "swiss"]
[EventRounds "4"]
[EventCountry "CAN"]
[SourceTitle "EXT 2019"]
[Source "ChessBase"]
[SourceDate "2018.10.10"]
[SourceVersion "1"]
[SourceVersionDate "2018.10.10"]
[SourceQuality "1"]

1. d4 Nf6 2. Nf3 e6 3. c4 c5 4. Nc3 cxd4 5. Nxd4 a6 6. g3 Qc7 7. Qd3 d6 8. b3 b6 9. Bg2 Bb7 10. O-O Bxg2 11. Kxg2 Nbd7 12. Bb2 Qb7+ 13. Qf3 Qxf3+ 14. Kxf3 Rc8 15. Rac1 Be7 16. Rfd1 O-O 17. Kg2 1/2-1/2

[Event "Winnipeg TNT June op"]
[Site "Winnipeg CAN"]
[Date "2007.06.19"]
[Round "3"]
[White "Crawford, Gary"]
[Black "Letain, Cory"]
[Result "0-1"]
[WhiteElo "1310"]
[BlackElo "1370"]
[PlyCount "54"]
[GameId "2160767910667750"]
[EventDate "2007.06.05"]
[EventType "swiss"]
[EventRounds "4"]
[EventCountry "CAN"]
[SourceTitle "EXT 2019"]
[Source "ChessBase"]
[SourceDate "2018.10.10"]
[SourceVersion "1"]
[SourceVersionDate "2018.10.10"]
[SourceQuality "1"]

1. e4 e5 2. Nf3 Nc6 3. Bb5 Nd4 4. Nxd4 exd4 5. d3 a6 6. Bc4 b5 7. Bb3 Bb7 8. Qe2 Nf6 9. O-O Be7 10. Nd2 O-O 11. Nf3 d5 12. e5 Ng4 13. Nxd4 Nxh2 14. Nf5 Nxf1 15. Nxe7+ Qxe7 16. Kxf1 Qh4 17. Kg1 c5 18. c3 Rfe8 19. f4 c4 20. dxc4 dxc4 21. Bc2 Re6 22. f5 Ree8 23. Bd2 Qg3 24. Re1 Rxe5 25. Be4 Rxe4 26. Qxe4 Bxe4 27. Rxe4 Qd3 0-1

[Event "Winnipeg TNT June op"]
[Site "Winnipeg CAN"]
[Date "2007.06.19"]
[Round "3"]
[White "Lauritson, Jim"]
[Black "Campbell, Gary"]
[Result "1-0"]
[WhiteElo "1964"]
[BlackElo "1611"]
[PlyCount "95"]
[GameId "2160767910667752"]
[EventDate "2007.06.05"]
[EventType "swiss"]
[EventRounds "4"]
[EventCountry "CAN"]
[SourceTitle "EXT 2019"]
[Source "ChessBase"]
[SourceDate "2018.10.10"]
[SourceVersion "1"]
[SourceVersionDate "2018.10.10"]
[SourceQuality "1"]

1. d4 d5 2. c4 e6 3. Nc3 Nf6 4. Bg5 Be7 5. Nf3 c6 6. e3 O-O 7. Rc1 h6 8. Bh4 Nbd7 9. Bd3 Re8 10. O-O dxc4 11. Bxc4 Nd5 12. Bg3 N7f6 13. Bd3 Bd6 14. Ne5 Bxe5 15. dxe5 Nxc3 16. bxc3 Nd7 17. Bb1 Qa5 18. Qc2 Nf8 19. Rfd1 Rd8 20. Rd4 c5 21. Rd6 Rxd6 22. exd6 Bd7 23. Qe4 Bc6 24. Qg4 Nd7 25. e4 c4 26. Qe2 Qa3 27. Qc2 Bxe4 28. Qd2 Bc6 29. Rd1 Qc5 30. Qf4 Qh5 31. f3 b5 32. Be4 e5 33. Qe3 Bxe4 34. Qxe4 Rb8 35. Rd5 f6 36. Rxb5 Rxb5 37. Qxc4+ Qf7 38. Qxb5 Qe6 39. Qc6 Nb6 40. Bf2 Qxa2 41. Bxb6 Qb1+ 42. Kf2 Qc2+ 43. Ke3 Qc1+ 44. Kd3 Qd1+ 45. Kc4 Qe2+ 46. Kd5 axb6 47. d7 Qd2+ 48. Ke6 1-0

[Event "Winnipeg TNT June op"]
[Site "Winnipeg CAN"]
[Date "2007.06.19"]
[Round "3"]
[White "Lipic, Stephen"]
[Black "Kwiatek, Jordan"]
[Result "0-1"]
[WhiteElo "1646"]
[BlackElo "1956"]
[PlyCount "74"]
[GameId "2160767910667753"]
[EventDate "2007.06.05"]
[EventType "swiss"]
[EventRounds "4"]
[EventCountry "CAN"]
[SourceTitle "EXT 2019"]
[Source "ChessBase"]
[SourceDate "2018.10.10"]
[SourceVersion "1"]
[SourceVersionDate "2018.10.10"]
[SourceQuality "1"]

1. f4 Nc6 2. Nf3 d5 3. e3 Bg4 4. Be2 Qd6 5. O-O Nh6 6. d4 f6 7. c4 dxc4 8. Bxc4 O-O-O 9. h3 Bxf3 10. Qxf3 e5 11. dxe5 Qb4 12. Be6+ Kb8 13. exf6 gxf6 14. f5 Ne5 15. Qf4 Qc5 16. Nc3 Nd3 17. Qh4 Nxc1 18. Raxc1 Qxe3+ 19. Kh1 Rd4 20. Qxf6 Ng4 21. Qxh8 Rd8 22. Rc2 Qg3 23. hxg4 Qh4+ 24. Kg1 Bc5+ 25. Rcf2 Rxh8 26. Ne4 Bxf2+ 27. Nxf2 h5 28. gxh5 Rxh5 29. Nh3 Qd4+ 30. Rf2 Qd1+ 31. Rf1 Qd4+ 32. Rf2 Qg4 33. Rf3 Rh7 34. Kh2 c5 35. b3 b5 36. Rc3 Qf4+ 37. Kg1 Qd4+ 0-1

[Event "Winnipeg TNT June op"]
[Site "Winnipeg CAN"]
[Date "2007.06.19"]
[Round "3"]
[White "Magnusson, Saul"]
[Black "Khedkar, Jay S"]
[Result "0-1"]
[WhiteElo "915"]
[BlackElo "2063"]
[PlyCount "52"]
[GameId "2160767910667754"]
[EventDate "2007.06.05"]
[EventType "swiss"]
[EventRounds "4"]
[EventCountry "CAN"]
[SourceTitle "EXT 2019"]
[Source "ChessBase"]
[SourceDate "2018.10.10"]
[SourceVersion "1"]
[SourceVersionDate "2018.10.10"]
[SourceQuality "1"]

1. e4 e6 2. d4 d5 3. Nc3 Nf6 4. e5 Nfd7 5. Be3 c5 6. Bb5 Nc6 7. Nf3 cxd4 8. Nxd4 Ncxe5 9. O-O a6 10. Bxd7+ Bxd7 11. Qh5 Bd6 12. b3 O-O 13. Rae1 Ng6 14. f4 Rc8 15. Nce2 e5 16. f5 exd4 17. fxg6 hxg6 18. Qxd5 Bb5 19. Qxd4 Rxc2 20. Rf3 Bxe2 21. Rh3 Bc5 22. Qe4 Qd2 23. Qh4 Bxe3+ 24. Kh1 Bh6 25. g4 Bf3+ 26. Rxf3 Qg2# 0-1

[Event "Winnipeg TNT June op"]
[Site "Winnipeg CAN"]
[Date "2007.06.19"]
[Round "3"]
[White "Zhou, Lu"]
[Black "Van Wyk, Joseph"]
[Result "0-1"]
[WhiteElo "1849"]
[BlackElo "1951"]
[PlyCount "79"]
[GameId "2160767910667755"]
[EventDate "2007.06.05"]
[EventType "swiss"]
[EventRounds "4"]
[EventCountry "CAN"]
[SourceTitle "EXT 2019"]
[Source "ChessBase"]
[SourceDate "2018.10.10"]
[SourceVersion "1"]
[SourceVersionDate "2018.10.10"]
[SourceQuality "1"]

1. e4 c6 2. d4 d5 3. Nc3 dxe4 4. Nxe4 Bf5 5. Ng3 Bg6 6. h4 h6 7. Nf3 Nd7 8. Bd3 Bxd3 9. Qxd3 e6 10. Be3 Ngf6 11. c3 Bd6 12. Ne2 Qc7 13. O-O-O b5 14. Rhg1 Nd5 15. g4 Qa5 16. Kb1 b4 17. c4 b3 18. cxd5 Qxa2+ 19. Kc1 cxd5 20. Bd2 Nb6 21. Qb1 Rc8+ 22. Bc3 Qa6 23. Kd2 Bb4 24. Rc1 Qa5 25. Ne5 O-O 26. Qd3 f6 27. Ra1 Na4 28. Nd7 Rf7 29. Nc5 Nxc5 30. dxc5 Qxc5 31. Bxb4 Qxb4+ 32. Ke3 Rfc7 33. f3 Rc2 34. Rgc1 Qb6+ 35. Qd4 Rxe2+ 36. Kxe2 Qxd4 37. Rxc8+ Kh7 38. Rcc1 Qxb2+ 39. Ke3 e5 40. Rcb1 0-1

[Event "Winnipeg TNT June op"]
[Site "Winnipeg CAN"]
[Date "2007.06.26"]
[Round "4"]
[White "Booth, Kevin"]
[Black "Boron, Anthony"]
[Result "0-1"]
[WhiteElo "1780"]
[BlackElo "1999"]
[PlyCount "72"]
[GameId "2160767910667756"]
[EventDate "2007.06.05"]
[EventType "swiss"]
[EventRounds "4"]
[EventCountry "CAN"]
[SourceTitle "EXT 2019"]
[Source "ChessBase"]
[SourceDate "2018.10.10"]
[SourceVersion "1"]
[SourceVersionDate "2018.10.10"]
[SourceQuality "1"]

1. d4 Nf6 2. c4 c5 3. d5 b5 4. b3 g6 5. Bb2 Bg7 6. e3 a6 7. Nf3 O-O 8. Qc2 b4 9. Nbd2 d6 10. Bd3 Nbd7 11. O-O-O a5 12. Rdg1 a4 13. h4 axb3 14. Qxb3 Qa5 15. Bb1 Ng4 16. Bxg7 Kxg7 17. Ne4 Qa3+ 18. Qxa3 Rxa3 19. h5 Ndf6 20. Nxf6 Kxf6 21. Nd2 Kg7 22. Rf1 Ba6 23. Kb2 Ra8 24. Bc2 Bc8 25. Bb3 Bd7 26. hxg6 hxg6 27. e4 R3a7 28. f3 Nf6 29. Rh2 Ba4 30. Rfh1 Bxb3 31. axb3 Ra2+ 32. Kc1 Ra1+ 33. Kc2 Nh5 34. Nb1 R8a2+ 35. Kc1 Nf4 36. g3 Nd3+ 0-1

[Event "Winnipeg TNT June op"]
[Site "Winnipeg CAN"]
[Date "2007.06.26"]
[Round "4"]
[White "Czypinski, Jaroslaw"]
[Black "Zhou, Lu"]
[Result "0-1"]
[WhiteElo "1851"]
[BlackElo "1849"]
[PlyCount "78"]
[GameId "2160767910667757"]
[EventDate "2007.06.05"]
[EventType "swiss"]
[EventRounds "4"]
[EventCountry "CAN"]
[SourceTitle "EXT 2019"]
[Source "ChessBase"]
[SourceDate "2018.10.10"]
[SourceVersion "1"]
[SourceVersionDate "2018.10.10"]
[SourceQuality "1"]

1. d4 Nf6 2. Nf3 d5 3. e3 Bf5 4. Bd3 Bxd3 5. Qxd3 c6 6. O-O Nbd7 7. Nbd2 e6 8. e4 dxe4 9. Nxe4 Qc7 10. Neg5 Be7 11. Nxf7 Kxf7 12. Ng5+ Kg8 13. Nxe6 Qd6 14. Re1 Bd8 15. Bf4 Qd5 16. Re3 Nf8 17. Nxf8 Kxf8 18. Rae1 Kf7 19. Bc7 h6 20. Bxd8 Qxd8 21. Qb3+ Kg6 22. Rg3+ Kh7 23. Qxb7 Nh5 24. Rge3 Qxd4 25. Qxc6 Rhf8 26. c3 Qd2 27. Qe4+ Kh8 28. R3e2 Qd6 29. Qe5 Qg6 30. Qe4 Qg5 31. Qe7 Nf4 32. Qe4 Nxe2+ 33. Qxe2 Rae8 34. Qd1 Rd8 35. Qa4 Rd2 36. Re8 Rdxf2 37. Rxf8+ Rxf8 38. Qd1 Qc5+ 39. Kh1 Qf2 0-1